00946nam a2200229 a 450000100100000000500170001000800410002702000150006804000250008310000260010824501610013426000720029549000320036750000370039950400300043670000270046670000280049370000340052183000390055595201050059499900170069900004310320201002040636.0140219s2000 sp 000 0 spa d a8472328570 aDO-SdBNPbspacBNPHU1 aBustelo, Pablo92901710aCrisis Financieras en Economías Emergentes :benseñanzas de Asía Oriental /cPablo Bustelo, Clara García, Iliana Olivié; prólogo Carlos Berzosa. aMadrid :bAgencia Española de Cooperación Internacional,c2000.1 aCooperación al desarrollo aIncluye notas a pie de páginas aBibliografía p: 191-20512aGarcía, Clara97063012aOlivié, Iliana97063112aBerzosa, Carloseprol.970632 0aCooperación al desarrollo970633 001050718MOaGRbGRcCTd2014-02-19iLF1l0o p43103-10r2020-06-25w2020-06-25y1ZNo se presta c42592d42592